|
|
|
|
| LEADER |
00000nam a22000007a 4500 |
| 005 |
20190418202650.0 |
| 007 |
cr|||| |||| |
| 008 |
190418s2016 co |||||s|||| 00||0 spa d |
| 020 |
|
|
|a 978-958-774-214-5
|
| 035 |
|
|
|a 23269
|
| 040 |
|
|
|a vLex
|
| 090 |
|
|
|c 8660
|d 8660
|
| 100 |
1 |
|
|a Alviar Garca̕, Helena
|
| 245 |
1 |
0 |
|a Constitucin̤ y democracia en movimiento
|h [Recurso electrn̤ico] /
|c Helena Alviar Garca̕, Julieta Lemaitre Ripoll, Betsy Perafǹ Liv̌ano
|
| 256 |
|
|
|a Servicio en ln̕ea
|
| 260 |
|
|
|a Bogot:̀
|b Universidad de Los Andes (Colombia),
|c 2016
|
| 300 |
|
|
|a 1 recurso electrn̤ico
|
| 506 |
1 |
|
|a Disponible solo en los productos indicados
|d vLex Global
|d vLex Global (Academic Edition, excluding Law Schools)
|d vLex Global (U.S. Academic Edition, Law Schools)
|d vLex Global (U.S. Academic Edition, excluding Law Schools)
|d vLex Global (Academic Edition, Law Schools)
|
| 650 |
0 |
4 |
|a Derecho Constitucional
|z Colombia
|
| 700 |
1 |
|
|a Lemaitre Ripoll, Julieta
|
| 700 |
1 |
|
|a Perafǹ Liv̌ano, Betsy
|
| 740 |
0 |
|
|a vLex Libros (Servicio en ln̕ea)
|
| 856 |
4 |
0 |
|u http://vlex.com/source/constitucion-democracia-movimiento-23269
|z Acceso restringido
|
| 942 |
|
|
|c BOOK
|
| 999 |
0 |
|
|a Constitutional right
|